000 00898nas a2200277 4500
001 BR2016002696
003 BR-BrBNA
005 20231205130446.0
007 ta
008 230509b bl.|||p| |||| 00| 00por d
040 _aBR-BrBNA
_bpor
_cBiblioteca Nacional de Agricultura
041 _a(En)
072 _aM40
100 1 _aRulík, M.
100 1 _aChaudhary, P.P.
245 1 _aMolecular identification of the occurrence of magnetotactic bacteria in fresh water sediments (Czech Republic)
650 _aECOLOGIA AQUATICA
650 _aBACTERIA
650 _aAGUA DOCE
650 _aSEDIMENTO
650 _aBIOLOGIA MOLECULAR
773 0 _tBrazilian Journal of Microbiology (Brazil)
_xISSN 1517-8382
_g(Oct-Dec 2014), v. 45(4) p. 1255-1261
_wBR2016002696
856 4 0 _uhttp://www.scielo.br/pdf/bjm/v45n4/16.pdf
909 _a202311
_bLúcia
_c55
_dLúcia Elande
942 _2AGRIS
_n0
_cANA
999 _c249559
_d249559